[Event "CAN-ch U10"]
[Site "Vancouver"]
[Date "2012.07.06"]
[Round "7"]
[White "Tang, Qiwen"]
[Black "Rodzik, Cameron"]
[Result "1-0"]
[WhiteElo "474"]
[BlackElo "593"]
[PlyCount "43"]
[EventDate "2012.07.03"]
[EventType "swiss"]
[EventRounds "7"]
[EventCountry "CAN"]
[SourceTitle "EXT 2022"]
[Source "ChessBase"]
[SourceDate "2021.10.06"]
[SourceVersion "1"]
[SourceVersionDate "2021.10.06"]
[SourceQuality "1"]

1. e4 e5 2. Nf3 Nf6 3. Bd3 Nc6 4. b3 d5 5. Qe2 dxe4 6. Bxe4 Nxe4 7. Qxe4 Bc5 8. Nxe5 Nxe5 9. Qxe5+ Be7 10. Qb5+ Bd7 11. Qe2 a6 12. 0-0 Bb5 13. d3 0-0 14. c4 Bc6 15. Bb2 Qd6 16. Qg4 Qh6 17. Re1 Bb4 18. Re5 Bc3 19. Nxc3 Rad8 20. Rh5 Qf6 21. Nd1 Qe7 22. Qxg7# 1-0